00898nam a2200241 a 450000100100000000500170001000800410002702000150006804000250008308200160010824500820012426000330020630000340023950000330027350400280030659000270033470000420036170000370040370000410044070000440048195201140052599900170063900003991520201002033815.0130729s2001 sp a 000 0 spa d a8448128184 aDO-SdBNPbspacBNPHU axxxxbA238d00aAdministración y dirección /cEmilio Pablo Díez de Castro...[et. tal.]. aMadrid :bMcgrawhill,c2001. axvii, 525 p. :bil. ;c24 cm. aIncluye índice analítico aBibliografía : p. 516 aInventariado, 2019 /LP1 aDíez de Castro, Emilio Pablo9661221 aGarcía del Junco, Julio9661231 aMartín Jiménez, Francisca9661241 aPeriáñez Cristóbal, Rafael966125 001050718MOaGRbGRcHDd2013-07-29iLF1l0oxxxx A238dp39915-10r2020-06-25w2020-06-25y1ZNo se presta c39405d39405